000 00310nam a2200133 i 4500
001 bg
100 1 _aLILEYKO, Jerzy
245 0 _aVademecum Zamku Warszawskiego /
_cJerzy Lileyko.
260 _aWarszawa,
_c1980.
040 _cBPK
041 _apol
942 _cKS
008 s pl f |000 0 pol
999 _c19473
_d19473
856 _uhttp://koha.tu.koszalin.pl/cgi-bin/koha/opac-detail.pl?biblionumber=19473
_yKatalog online BPK